Statistics for Top 15 Countries with Covid-19 Deaths - 30 May

Click here to take the quiz!

General Stats

  • This quiz has been taken 15 times
  • The average score is 16 of 21

Answer Stats

country% Correct
United Kingdom
100%
United States
100%
Brazil
93%
China
93%
Germany
93%
Spain
93%
Canada
86%
France
86%
India
86%
Italy
86%
Russia
86%
Belgium
79%
Sweden
79%
Mexico
71%
Netherlands
71%
Portugal
64%
Ireland
57%
Iran
43%
Peru
43%
Switzerland
43%
Ecuador
36%

Score Distribution

Percentile by Number Answered

Percent of People with Each Score

Your Score History

You have not taken this quiz